000 00594nam a2200229 a 4500
001 nice12345678
003 IN_TiNIC
005 20260116013510.0
008 050524s1976 lona grp 000 0 eng
020 _a
_c193.55
082 0 0 _a294.565
_bMIL
100 _aMiller, David
245 _aHindu Monastic Life
_b the Monks and Monasteries of Bhubaneswar
260 _aLondon
_bMcgill-Queen`s University Press
_c1976
300 _a228p
500 _aincludes index and biblioraphy
505 2 _aIndex
650 _aAsrama-Hinduism
902 _bSRS
942 _cBK
999 _c11219
_d11219